Deportivo Alavés Squad 2023-2024 - Statistics

General Stats
  • This quiz has been taken 136 times
    84 since last reset
  • The average score is 18 of 25
Answer Stats
# Position Nation Player % Correct
15 FW Spain Kike García
88%
- Coach Spain Luis García
88%
10 MF Romania Ianis Hagi
85%
11 FW Spain Luis Rioja
82%
1 GK Spain Antonio Sivera
79%
32 FW Spain Samu Omorodion
79%
2 DF Spain Andoni Gorosabel
76%
8 MF Spain Antonio Blanco
76%
31 GK Equatorial Guinea Jesús Owono
76%
5 DF Morocco Abdel Abqar
74%
21 FW Algeria Abde Rebbach
74%
6 MF Spain Ander Guevara
74%
27 DF Spain Javi López
74%
14 DF Argentina Nahuel Tenaglia
74%
22 FW Spain Carlos Vicente
71%
18 MF Spain Jon Guridi
71%
16 DF Spain Rafa Marín
68%
3 DF Spain Rubén Duarte
68%
4 DF Serbia Aleksandar Sedlar
65%
7 DF Spain Álex Sola
65%
23 MF Uruguay Carlos Benavidez
65%
20 FW Argentina Giuliano Simeone
65%
19 DF Serbia Nikola Maraš
59%
17 FW Spain Xeber Alkain
41%
9 FW Spain Jon Karrikaburu
38%
No matching quizzes found
Score Distribution
Percent of People with Each Score
Percentile by Number Answered
Your Score History
You have not taken this quiz since the last reset